000 01115 a2200229 4500
001 32007
005 20260407155621.0
008 260407a1992 arg spa d
003 AR-UNSa-BCEJYS
040 _aAR-UNSa-BCEJYS
_bspa
_cAR-UNSa-BCEJYS
080 _a316.42
_xCambio social en sociedades globales. Desarrollo social. Sociología del desarrollo (Desarrollo Humano)
245 1 0 _aDesarrollo humano
_pinforme 1992
020 _a958-601-382-0
264 1 _aBogotá :
_bTercer Mundo Editores
_c1992
300 _a286 p.
_c23 cm.
505 _a1. Concepto y medición del desarrollo humano - 2. Libertad política y desarrollo humano - 3. La brecha creciente en oportunidades internacionales - 4. Mercados internacionales, naciones pobres, personas pobres - 5. Una nueva visión sobre el desarrollo humano internacional
041 _aspa
942 _cBK
590 _aniveau_biblio:m niveau_hierar:0
100 1 _aPrograma de las Naciones Unidas para el Desarrollo (PNUD)
856 4 1 _uhttps://biblioeco.unsa.edu.ar/pmb/images/libros/Desarrollo humano informe 1992-l125136.jpg
_yImagen de portada
_qimage/jpeg
999 _c2229
_d2229